[Event "Agneaux St Lo op 09th"]
[Site "Agneaux"]
[Date "2005.02.19"]
[Round "6"]
[White "Lefol, Quentin"]
[Black "Amoyal, Guillaume"]
[Result "1-0"]
[WhiteElo "1480"]
[BlackElo "1520"]
[PlyCount "57"]
[EventDate "2005.02.16"]
[EventType "swiss"]
[EventRounds "6"]
[EventCountry "FRA"]
[SourceTitle "EXT 2006"]
[Source "ChessBase"]
[SourceDate "2005.11.24"]
[SourceVersion "1"]
[SourceVersionDate "2005.11.24"]
[SourceQuality "1"]

1. e4 e6 2. d4 d5 3. e5 c5 4. c3 Qb6 5. Nf3 Nc6 6. a3 Nge7 7. b4 cxd4 8. cxd4 Nf5 9. Bb2 Bd7 10. Be2 Be7 11. 0-0 0-0 12. b5 Na5 13. a4 Rac8 14. Nbd2 f6 15. exf6 Bxf6 16. Ne5 Bxe5 17. dxe5 a6 18. Nf3 axb5 19. Ba3 Rf7 20. axb5 Bxb5 21. Rb1 Bxe2 22. Qxe2 Qd8 23. Ng5 Qxg5 24. Rfc1 Rxc1+ 25. Rxc1 Qd8 26. Qb5 Nc4 27. Bb4 Nxe5 28. Qa5 Qxa5 29. Rc8+ 1-0